000 00924nam a2200289Ia 4500
003 OSt
005 20221007124201.0
006 a|||||r|||| 00| 0
007 ta
008 221006b |||||||| |||| 00| 0 eng d
020 _a9788184870893 (pbk)
024 _a117976
037 _b2094, 09/12/2010, Educational Book Agency (India)
_cTextbook
040 _aCDL
_cCDL
_beng
041 _2eng
_aeng
082 _aE982:4, Q0-;3 Carc
100 _aAhluwalia V K
245 0 _aEnzymes for green organic synthesis
260 _aDelhi
_bNarosa Publishing House
_c2010
300 _aV.P.
_ccm.
500 _aIncludes bibliographical references.; Index I1-I3p.
650 _a Enzymes
_9475642
650 _a Organic synthesis
650 _aChemistry
942 _hE982:4, Q0-;3 Carc
_cTB
_2CC
999 _c1213134
_d1213134